[Event "GER-ch Seniors"]
[Site "Dresden"]
[Date "2012.08.15"]
[Round "7"]
[White "Weyand, Fernand"]
[Black "Pooth, Richard"]
[Result "0-1"]
[WhiteElo "1786"]
[BlackElo "1997"]
[PlyCount "72"]
[EventDate "2012.08.09"]
[EventType "swiss"]
[EventRounds "9"]
[EventCountry "GER"]
[SourceTitle "EXT 2014"]
[Source "ChessBase"]
[SourceDate "2013.11.20"]
[SourceVersion "1"]
[SourceVersionDate "2013.11.20"]
[SourceQuality "1"]

1. e4 e5 2. Nf3 Nc6 3. Nc3 Nf6 4. d4 exd4 5. Nxd4 Bb4 6. Qd3 Ne5 7. Qg3 Ng6 8. Bg5 Nxe4 9. Bxd8 Nxg3 10. hxg3 Bxc3+ 11. bxc3 Kxd8 12. Nf5 d6 13. Nxg7 Ke7 14. 0-0-0 Kf8 15. Nh5 Be6 16. Kb2 a6 17. Rd4 b5 18. Bd3 Rb8 19. f4 Ne7 20. Be2 Nf5 21. Rd2 Ne3 22. Bf3 Nc4+ 23. Kc1 Nxd2 24. Kxd2 f5 25. Re1 Kf7 26. a3 Rhg8 27. Ke3 Rbe8 28. Kf2 Bc4 29. Rd1 Rg6 30. Rd4 c5 31. Rd2 Re7 32. g4 fxg4 33. f5 Rg5 34. f6 Re6 35. Bd5 Bxd5 36. Rxd5 Rxd5 0-1

[Event "GER-ch Seniors"]
[Site "Dresden"]
[Date "2012.08.14"]
[Round "6"]
[White "Pooth, Richard"]
[Black "Schirmer, Werner"]
[Result "0-1"]
[WhiteElo "1997"]
[BlackElo "2016"]
[PlyCount "52"]
[EventDate "2012.08.09"]
[EventType "swiss"]
[EventRounds "9"]
[EventCountry "GER"]
[SourceTitle "EXT 2014"]
[Source "ChessBase"]
[SourceDate "2013.11.20"]
[SourceVersion "1"]
[SourceVersionDate "2013.11.20"]
[SourceQuality "1"]

1. e4 c5 2. Nf3 Nc6 3. Nc3 g6 4. d4 cxd4 5. Nxd4 Bg7 6. Be3 Nf6 7. Be2 0-0 8. h4 d5 9. Nxc6 bxc6 10. e5 Nd7 11. f4 e6 12. Qd2 c5 13. Nb5 Rb8 14. c3 Qa5 15. a4 f6 16. exf6 Bxf6 17. h5 a6 18. hxg6 axb5 19. gxh7+ Kh8 20. b4 Qc7 21. bxc5 Nxc5 22. Bd4 Nb3 23. Bxf6+ Rxf6 24. Qe3 Nxa1 25. Qg3 Bb7 26. Bxb5 Qxf4 0-1

[Event "Bad Griesbach Seniors op 12th"]
[Site "Bad Griesbach"]
[Date "2009.11.30"]
[Round "2"]
[White "Alefs, Heinz"]
[Black "Pooth, Richard"]
[Result "0-1"]
[WhiteElo "1640"]
[BlackElo "1824"]
[PlyCount "102"]
[EventDate "2009.11.29"]
[EventType "swiss"]
[EventRounds "7"]
[EventCountry "GER"]
[SourceTitle "EXT 2015"]
[Source "ChessBase"]
[SourceDate "2014.11.20"]
[SourceVersion "1"]
[SourceVersionDate "2014.11.20"]
[SourceQuality "1"]

1. d4 c6 2. Nf3 d5 3. e3 Bf5 4. Bd3 Nh6 5. Bxf5 Nxf5 6. Qd3 Nd6 7. Nbd2 Nd7 8. e4 e6 9. e5 Nf5 10. Nf1 c5 11. c4 dxc4 12. Qxc4 Nxd4 13. Nxd4 cxd4 14. Qxd4 Qa5+ 15. Bd2 Qxe5+ 16. Qxe5 Nxe5 17. Bc3 Bb4 18. Bxb4 Nd3+ 19. Ke2 Nxb4 20. Ne3 Ke7 21. a3 Nc6 22. Rhd1 Rhd8 23. Nc2 Rac8 24. Rd2 Rxd2+ 25. Kxd2 Na5 26. Kd3 Nb3 27. Re1 f5 28. Ne3 Kf6 29. g3 Nc5+ 30. Ke2 Nb3 31. Kd3 b5 32. Nc2 a5 33. Na1 Nc5+ 34. Kd4 Ne4 35. f3 Nd2 36. Re3 e5+ 37. Kd5 Nc4 38. Re2 g5 39. Nb3 a4 40. Nc5 Nb6+ 41. Kd6 Nc4+ 42. Kd5 Rc7 43. h3 Ke7 44. g4 fxg4 45. hxg4 Nb6+ 46. Kxe5 Rxc5+ 47. Kd4+ Kd6 48. Re6+ Kxe6 49. Kxc5 Nc4 50. Kxb5 Nxb2 51. Kb4 Kd5 0-1

[Event "Bad Woerishofen Seniors op 24th"]
[Site "Bad Woerishofen"]
[Date "2008.03.03"]
[Round "5"]
[White "Villing, Dieter"]
[Black "Pooth, Richard"]
[Result "1-0"]
[WhiteElo "2038"]
[BlackElo "1763"]
[PlyCount "45"]
[EventDate "2008.02.28"]
[EventType "swiss"]
[EventRounds "9"]
[EventCountry "GER"]
[SourceTitle "EXT 2022"]
[Source "ChessBase"]
[SourceDate "2021.10.06"]
[SourceVersion "1"]
[SourceVersionDate "2021.10.06"]
[SourceQuality "1"]

1. d4 d5 2. Nc3 Bf5 3. f3 e6 4. e4 Bg6 5. exd5 exd5 6. Qe2+ Qe7 7. Nxd5 Qxe2+ 8. Nxe2 Kd7 9. Bf4 Bd6 10. 0-0-0 c6 11. Ne3 Ne7 12. Nc4 Bxf4+ 13. Nxf4 f6 14. d5 cxd5 15. Ne3 Nbc6 16. Nexd5 Nxd5 17. Nxd5 Rad8 18. Nxf6+ Ke6 19. Ne4 Rxd1+ 20. Kxd1 Bxe4 21. fxe4 Ke5 22. Bd3 Rf8 23. Ke2 1-0

[Event "GER-ch Seniors-A 17th"]
[Site "Essen"]
[Date "2005.08.22"]
[Round "3"]
[White "Niebling, Ferdinand"]
[Black "Pooth, Richard"]
[Result "0-1"]
[WhiteElo "2216"]
[BlackElo "1937"]
[PlyCount "122"]
[EventDate "2005.08.20"]
[EventType "swiss"]
[EventRounds "9"]
[EventCountry "GER"]
[SourceTitle "CBM 108 Extra"]
[Source "ChessBase"]
[SourceDate "2005.11.04"]
[SourceVersion "1"]
[SourceVersionDate "2005.11.04"]
[SourceQuality "1"]

1. d4 Nf6 2. c4 e6 3. Nc3 d5 4. Nf3 c6 5. e3 Bd6 6. Bd3 Nbd7 7. 0-0 dxc4 8. Bxc4 b5 9. Bd3 Bb7 10. e4 b4 11. Ne2 e5 12. Ng3 g6 13. Re1 h6 14. h3 Kf8 15. b3 c5 16. d5 a5 17. Be3 Kg7 18. Qd2 Qe7 19. Nh4 Kg8 20. Bxh6 Nh7 21. Nf3 Ndf8 22. Rac1 Nd7 23. h4 Ndf6 24. Bg5 Nxg5 25. Qxg5 Kf8 26. Rc2 Bc8 27. Nd2 Nh5 28. Qxe7+ Kxe7 29. Nxh5 Rxh5 30. g3 Ba6 31. Bxa6 Rxa6 32. Nc4 Rh8 33. Rec1 Rc8 34. Nb2 Ra7 35. Nd3 Rac7 36. Kg2 f6 37. f4 Kf7 38. Rf1 exf4 39. gxf4 c4 40. bxc4 Rxc4 41. Rxc4 Rxc4 42. e5 Rc2+ 43. Rf2 Rc3 44. Rd2 Be7 45. Kf2 Bd8 46. Ke2 Bb6 47. Rb2 Bd4 48. Rd2 Bb6 49. e6+ Ke7 50. f5 gxf5 51. Nf4 Kd6 52. Ng6 Bd8 53. Kd1 Rh3 54. Re2 Rd3+ 55. Kc2 Rxd5 56. e7 Bxe7 57. Nxe7 Rc5+ 58. Kb3 f4 59. Ng6 f3 60. Rf2 Rc7 61. Ka4 Kc5 0-1

[Event "Bad Griesbach Seniors op 7th"]
[Site "Bad Griesbach"]
[Date "2004.12.11"]
[Round "7"]
[White "Pooth, Richard"]
[Black "Mehlhorn, Dieter"]
[Result "1-0"]
[WhiteElo "1799"]
[BlackElo "1780"]
[PlyCount "39"]
[EventDate "2004.12.05"]
[EventType "swiss"]
[EventRounds "7"]
[EventCountry "GER"]
[SourceTitle "EXT 2006"]
[Source "ChessBase"]
[SourceDate "2005.11.24"]
[SourceVersion "1"]
[SourceVersionDate "2005.11.24"]
[SourceQuality "1"]

1. e4 c6 2. d4 d5 3. e5 e6 4. a3 c5 5. c3 Nc6 6. Be3 cxd4 7. cxd4 Nge7 8. Bd3 g6 9. Qd2 h5 10. Ne2 Na5 11. Qc2 Bd7 12. b4 Rc8 13. Nbc3 Nc4 14. Bg5 Rg8 15. 0-0 Qb6 16. Na4 Qb5 17. Nc5 b6 18. Nc3 Qc6 19. b5 Qb7 20. Nxb7 1-0

[Event "Bad Griesbach Seniors op 7th"]
[Site "Bad Griesbach"]
[Date "2004.12.10"]
[Round "6"]
[White "Sierian, Peter"]
[Black "Pooth, Richard"]
[Result "1-0"]
[WhiteElo "1764"]
[BlackElo "1799"]
[PlyCount "131"]
[EventDate "2004.12.05"]
[EventType "swiss"]
[EventRounds "7"]
[EventCountry "GER"]
[SourceTitle "EXT 2006"]
[Source "ChessBase"]
[SourceDate "2005.11.24"]
[SourceVersion "1"]
[SourceVersionDate "2005.11.24"]
[SourceQuality "1"]

1. d4 Nf6 2. c4 e6 3. Nc3 d5 4. Bg5 Be7 5. Nf3 Nbd7 6. e3 h6 7. Bh4 c6 8. Bd3 Nb6 9. c5 Nbd7 10. b4 g5 11. Bg3 g4 12. Ne5 h5 13. Nxd7 Nxd7 14. h3 h4 15. hxg4 Bf6 16. Bd6 e5 17. Bf5 e4 18. f4 Nf8 19. Bxc8 Rxc8 20. Bxf8 Kxf8 21. g5 Bxg5 22. fxg5 Qxg5 23. Qe2 Kg7 24. Kd2 Rh6 25. Raf1 f5 26. Rf4 Rch8 27. Qf2 Kg6 28. Ne2 R6h7 29. Ng1 Qg3 30. Rxf5 Qxf2+ 31. Rxf2 Rf7 32. Rxf7 Kxf7 33. Nh3 Rg8 34. Nf4 Rg4 35. Ke2 Kf6 36. Kf2 Kf5 37. a4 a6 38. b5 axb5 39. axb5 Kf6 40. b6 Kf5 41. Ra1 Rg8 42. Ra7 Rb8 43. Kg1 Kg4 44. Kf2 Kf5 45. g3 hxg3+ 46. Kxg3 Rg8+ 47. Kf2 Rb8 48. Ra1 Rh8 49. Rg1 Kf6 50. Rg6+ Kf7 51. Rd6 Rb8 52. Rd7+ Kf6 53. Rc7 Kf5 54. Rf7+ Kg5 55. Ne6+ Kg6 56. Rf8 Rxf8+ 57. Nxf8+ Kf7 58. Nd7 Ke8 59. Ne5 Kd8 60. Kg3 Kc8 61. Kf4 Kd8 62. Kf5 Kc8 63. Ke6 Kd8 64. Kd6 Kc8 65. Nxc6 bxc6 66. Kxc6 1-0

[Event "GER-chA Seniors 16th"]
[Site "Templin"]
[Date "2004.09.12"]
[Round "9"]
[White "Erbs, Wolfgang"]
[Black "Pooth, Richard"]
[Result "0-1"]
[WhiteElo "1698"]
[BlackElo "1769"]
[PlyCount "120"]
[EventDate "2004.09.04"]
[EventType "swiss"]
[EventRounds "9"]
[EventCountry "GER"]
[SourceTitle "EXT 2005"]
[Source "ChessBase"]
[SourceDate "2004.11.15"]
[SourceVersion "1"]
[SourceVersionDate "2004.11.15"]
[SourceQuality "1"]

1. e4 c5 2. Nf3 Nc6 3. d4 cxd4 4. Nxd4 e5 5. Nf3 Nf6 6. Nc3 Be7 7. Bd3 0-0 8. 0-0 d6 9. h3 a6 10. a4 Nb4 11. Bc4 Qc7 12. Bb3 Bd7 13. Bd2 Bc6 14. Re1 b6 15. Ne2 d5 16. exd5 Nbxd5 17. Ng3 Bd6 18. Nf5 e4 19. N3d4 Bb7 20. Nxd6 Qxd6 21. Nf5 Qe5 22. Ng3 Rfe8 23. Qc1 Rac8 24. Bxd5 Qxd5 25. Be3 b5 26. axb5 Qxb5 27. Ne2 Nd5 28. Bd4 Qd7 29. c3 f5 30. Nf4 Nb4 31. Qd1 Nc6 32. Qb3+ Qf7 33. Qxf7+ Kxf7 34. Rad1 g5 35. Ne2 h5 36. Bb6 Ne5 37. Bd4 Nd3 38. Rf1 Bd5 39. Rb1 Bb3 40. Nc1 Bc4 41. Rd1 Rb8 42. Rd2 f4 43. b4 a5 44. Nxd3 exd3 45. Ra1 Re2 46. Rxe2 dxe2 47. f3 axb4 48. cxb4 Rd8 49. Ra7+ Ke6 50. Bc3 Rd1+ 51. Kh2 e1Q 52. Bxe1 Rxe1 53. Ra8 Kf6 54. Rf8+ Bf7 55. b5 Ke7 56. Rc8 Bd5 57. Rh8 h4 58. Rh6 Re6 59. Rh7+ Kd8 60. Rg7 Re5 0-1

[Event "GER-chA Seniors 16th"]
[Site "Templin"]
[Date "2004.09.10"]
[Round "7"]
[White "Josting, Friedel"]
[Black "Pooth, Richard"]
[Result "1-0"]
[WhiteElo "1860"]
[BlackElo "1769"]
[PlyCount "55"]
[EventDate "2004.09.04"]
[EventType "swiss"]
[EventRounds "9"]
[EventCountry "GER"]
[SourceTitle "EXT 2005"]
[Source "ChessBase"]
[SourceDate "2004.11.15"]
[SourceVersion "1"]
[SourceVersionDate "2004.11.15"]
[SourceQuality "1"]

1. d4 d5 2. Nf3 Bf5 3. Bf4 e6 4. e3 Bd6 5. Bg3 Nf6 6. Nbd2 0-0 7. Be2 Nc6 8. Nh4 Re8 9. 0-0 g5 10. Nxf5 exf5 11. Bxd6 Qxd6 12. c4 Ne7 13. Rc1 c6 14. Nf3 Ne4 15. Ne5 f6 16. Nd3 dxc4 17. Ne1 Qd7 18. Bxc4+ Kg7 19. Nd3 b6 20. Re1 Rad8 21. Qe2 Nd6 22. Bb3 f4 23. exf4 Nd5 24. Qf3 g4 25. Qd1 Rxe1+ 26. Qxe1 Nf5 27. Qd2 Nxd4 28. Ba4 1-0

[Event "GER-chA Seniors 16th"]
[Site "Templin"]
[Date "2004.09.04"]
[Round "1"]
[White "Pooth, Richard"]
[Black "Ullrich, Manfred"]
[Result "0-1"]
[WhiteElo "1769"]
[BlackElo "1994"]
[PlyCount "120"]
[EventDate "2004.09.04"]
[EventType "swiss"]
[EventRounds "9"]
[EventCountry "GER"]
[SourceTitle "EXT 2005"]
[Source "ChessBase"]
[SourceDate "2004.11.15"]
[SourceVersion "1"]
[SourceVersionDate "2004.11.15"]
[SourceQuality "1"]

1. d4 d6 2. Nf3 Bg4 3. Nbd2 Nf6 4. e4 e5 5. c3 Nbd7 6. Qb3 Bxf3 7. Nxf3 Be7 8. Bc4 0-0 9. Ng5 d5 10. exd5 Ne8 11. Nf3 exd4 12. Nxd4 Nc5 13. Qc2 Nd6 14. Be2 Bf6 15. Be3 Re8 16. 0-0 Nde4 17. c4 c6 18. Rfd1 cxd5 19. Nb5 Qe7 20. Rxd5 a6 21. Nc3 Nxc3 22. bxc3 Rac8 23. Rad1 b6 24. h3 Rc7 25. g3 g6 26. Bf3 Ne6 27. Qb3 b5 28. cxb5 Rxc3 29. Qb1 axb5 30. Rxb5 Rxe3 31. fxe3 Ng5 32. Bg2 Qxe3+ 33. Kh2 Be5 34. Rxe5 Rxe5 35. Rd8+ Kg7 36. Qb2 Qe2 37. Qxe2 Rxe2 38. a4 Nf3+ 39. Kh1 Re1+ 40. Bf1 Rxf1+ 41. Kg2 Ra1 42. Kxf3 Rxa4 43. Rd3 Ra2 44. Re3 g5 45. g4 Kg6 46. Rb3 f6 47. Kg3 h5 48. Kf3 h4 49. Rc3 Rh2 50. Ke4 Rf2 51. Kd5 Kf7 52. Kd4 f5 53. gxf5 Kf6 54. Ke4 Rf4+ 55. Kd3 Kxf5 56. Kd2 g4 57. hxg4+ Kxg4 58. Ke2 h3 59. Rb3 h2 60. Rb1 Kg3 0-1

[Event "NRW-ch op Seniors 14th"]
[Site "Beverungen"]
[Date "2003.06.20"]
[Round "7.8"]
[White "Pooth, Richard"]
[Black "Rusanov, Vasily"]
[Result "1-0"]
[WhiteElo "1827"]
[BlackElo "1786"]
[PlyCount "59"]
[EventDate "2003.06.14"]
[EventType "swiss"]
[EventRounds "9"]
[EventCountry "GER"]
[SourceTitle "EXT 2004"]
[Source "ChessBase"]
[SourceDate "2003.11.25"]
[SourceVersion "1"]
[SourceVersionDate "2003.11.25"]
[SourceQuality "1"]

1. e4 e5 2. Nf3 Nc6 3. Bc4 Nf6 4. Nc3 Bc5 5. 0-0 0-0 6. d3 d6 7. Bg5 h6 8. Bxf6 Qxf6 9. Nd5 Qd8 10. c3 Na5 11. b4 Nxc4 12. bxc5 Na5 13. cxd6 Qxd6 14. d4 exd4 15. cxd4 c6 16. Ne3 b6 17. Qc2 Qg6 18. Ne5 Qe6 19. f4 Bb7 20. f5 Qe8 21. f6 g6 22. N3g4 Kh7 23. Qd2 g5 24. Rf3 Bc8 25. Rh3 Bxg4 26. Nxg4 Qxe4 27. Rxh6+ Kg8 28. Qxg5+ Qg6 29. Rxg6+ fxg6 30. Qxg6+ 1-0

[Event "Nordrhein Westfalen-ch Seniors 13th"]
[Site "Bad Salzuflen"]
[Date "2002.06.10"]
[Round "3"]
[White "Janzen, Christian"]
[Black "Pooth, Richard"]
[Result "1/2-1/2"]
[WhiteElo "1690"]
[BlackElo "1877"]
[PlyCount "129"]
[EventDate "2002.06.??"]
[EventType "swiss"]
[EventRounds "9"]
[EventCountry "GER"]
[SourceTitle "EXT 2006"]
[Source "ChessBase"]
[SourceDate "2005.11.24"]
[SourceVersion "1"]
[SourceVersionDate "2005.11.24"]
[SourceQuality "1"]

1. d4 e6 2. e4 d5 3. exd5 exd5 4. Nf3 Nf6 5. Be2 Bd6 6. 0-0 Bf5 7. Re1 0-0 8. Nbd2 c6 9. Nf1 Qc7 10. Bd3 Ne4 11. Ng5 Nxg5 12. Bxf5 Ne6 13. Bxe6 fxe6 14. Qg4 Qf7 15. Qxe6 Na6 16. Qxf7+ Rxf7 17. c3 Raf8 18. Re2 Nc7 19. Bd2 h6 20. Rae1 Kh7 21. f3 Rd7 22. Be3 Ne6 23. Bf2 Nf4 24. Re3 Rff7 25. Bg3 a6 26. Bxf4 Bxf4 27. Re6 Bd6 28. Nd2 Rf8 29. Nb3 b6 30. Nc1 c5 31. Nb3 a5 32. dxc5 bxc5 33. Rd1 a4 34. Nc1 a3 35. b3 d4 36. cxd4 cxd4 37. Kf1 Bxh2 38. Ra6 Rc8 39. Rxa3 Bf4 40. Nd3 Be3 41. Ra4 Rc2 42. b4 Rd5 43. g4 h5 44. Ra5 Rxa5 45. bxa5 Rxa2 46. gxh5 Kh6 47. Rb1 Rxa5 48. Rb6+ Kxh5 49. Re6 g5 50. Re4 Ra2 51. f4 Rd2 52. Ne5 Rf2+ 53. Ke1 Rxf4 54. Rxf4 gxf4 55. Ke2 Kg5 56. Kf3 Kf5 57. Nd3 Bd2 58. Nc5 Ke5 59. Ke2 Kd5 60. Nd3 Be3 61. Kf3 Kc4 62. Ke4 Kc3 63. Ne5 Kc2 64. Nd3 Kd2 65. Nxf4 1/2-1/2

[Event "Ruhr-ch Seniors 9th"]
[Site "Essen"]
[Date "2002.03.19"]
[Round "8"]
[White "Hellbing, Horst"]
[Black "Pooth, Richard"]
[Result "0-1"]
[WhiteElo "1946"]
[BlackElo "1825"]
[PlyCount "72"]
[EventDate "2002.03.??"]
[EventType "swiss"]
[EventRounds "9"]
[EventCountry "GER"]
[SourceTitle "EXT 2006"]
[Source "ChessBase"]
[SourceDate "2005.11.24"]
[SourceVersion "1"]
[SourceVersionDate "2005.11.24"]
[SourceQuality "1"]

1. e4 c5 2. Nc3 Nc6 3. f4 e6 4. Nf3 d5 5. Bb5 a6 6. Bxc6+ bxc6 7. 0-0 Nf6 8. d3 Qb6 9. Kh1 a5 10. b3 Ba6 11. Na4 Qa7 12. Qe1 dxe4 13. Ne5 exd3 14. c4 Qc7 15. Bd2 Bb7 16. Rd1 Be7 17. Rf3 Bc8 18. Rxd3 h5 19. Bc3 Rg8 20. h3 g6 21. Qe3 h4 22. Be1 Nh5 23. Qf3 Ra6 24. Bf2 Ng3+ 25. Bxg3 hxg3 26. Qxg3 f6 27. Ng4 g5 28. Nxc5 Qxf4 29. Qxf4 gxf4 30. Nxa6 Bxa6 31. Rd7 Rh8 32. Ra7 Bc8 33. Ra8 Kf7 34. Kh2 e5 35. Rxa5 Bxg4 36. Kg1 Bxd1 0-1